000 00411nam a22001697a 4500
003 NUST - PNEC
005 20170116181111.0
008 151003b xxu||||| |||| 00| 0 eng d
020 _a-
040 _cLIBRARY
082 _a891.4391 AMI
100 _912954
_aAmin Randhawa
245 _aSachayon kay sang
_cAmin Randhawa
260 _cc.2003
650 _912956
_aUrdu Literature
_xGeneral
942 _2ddc
_cBK
999 _c69138
_d69138